| Tag |
First Indicator |
Second Indicator |
Subfields |
| LEADER |
00000cam a2200000 4500 |
| 001 |
in00000056254 |
| 005 |
20151008052418.0 |
| 008 |
731115s1965 mou 00000 eng u |
| 010 |
|
|
|a 65021793
|
| 035 |
|
|
|a (OCoLC)00742903
|
| 035 |
|
|
|9 AAH3210AM
|
| 040 |
|
|
|c SYB
|d TXA
|d UtOrBLW
|
| 049 |
|
|
|a TXAM
|c [459135]
|
| 050 |
0 |
0 |
|a HG255
|b .M525
|
| 092 |
|
|
|a 332.1
|b M678e
|
| 110 |
2 |
|
|a University of Missouri.
|
| 245 |
1 |
0 |
|a Essays in monetary policy in honor of Elmer Wood /
|c Edited by Pinkney C. Walker.
|
| 264 |
|
1 |
|a Columbia :
|b University of Missouri Press,
|c [1965]
|
| 300 |
|
|
|a 135 pages :
|b portrait ;
|c 23 cm.
|
| 336 |
|
|
|a text
|b txt
|2 rdacontent
|
| 337 |
|
|
|a unmediated
|b n
|2 rdamedia
|
| 338 |
|
|
|a volume
|b nc
|2 rdacarrier
|
| 500 |
|
|
|a "Outgrowth of a series of lectures at the University of Missouri in honor of Elmer Wood in the school year preceding his retirement in June, 1964."
|
| 505 |
0 |
|
|a Confessions of a central banker, by K. R. Bopp.--International central banking, by L. V. Chandler.--Monetary and fiscal policy in the 1950's and 1960's, by S. E. Harris.--The changing functions of monetary policy, by W. A. Morton.--Fact and fiction in central banking, by C. E. Walker.
|
| 650 |
|
0 |
|a Monetary policy.
|
| 650 |
|
0 |
|a Banks and banking, Central.
|
| 650 |
|
0 |
|a Festschriften.
|
| 700 |
1 |
|
|a Wood, Elmer.
|
| 700 |
1 |
|
|a Walker, Pinkney C.
|
| 999 |
|
|
|a MARS
|
| 999 |
f |
f |
|s d9ac11d9-c672-3281-9657-4022f5108de7
|i 4a897e12-87fb-3c21-8968-a74ee8677bbf
|t 0
|
| 952 |
f |
f |
|p ric
|a Texas A&M University
|b Rellis Campus
|c Joint Library Facility
|d Remote Storage
|t 0
|e HG255 .M525
|h Library of Congress classification
|i unmediated -- volume
|m A14800728663
|
| 998 |
f |
f |
|a HG255 .M525
|t 0
|l Remote Storage
|